000 00273nam a2200097Ia 4500
008 241105s9999 xx 000 0 und d
041 _aeng
100 _aGaikwad Renuka
_9182560
245 _aCenter For Diamond Design And Production
260 _bFinal Year B. Arch, BNCA
_c2014
999 _c360849
_d360849